| 000 | 00380nam a2200169Ia 4500 | ||
|---|---|---|---|
| 005 | 20250603145349.0 | ||
| 008 | 250603s9999 xx 000 0 und d | ||
| 020 | _a000- 122834- 9 | ||
| 050 | _aQR 41.2 .P74/ | ||
| 100 | _aPrescott Harley Klein | ||
| 245 | 0 | _aMicrobiology | |
| 250 | _a6th ed. | ||
| 260 | _bMcGraw- Hill | ||
| 260 | _c2005 | ||
| 300 | _a992 p | ||
| 942 | _cBK | ||
| 999 |
_c41644 _d41644 |
||